[Event "Rated Blitz game"]
[Site "?"]
[Date "2021.05.19"]
[Round "?"]
[White "Abdabdabd"]
[Black "chesszerorfl"]
[Result "0-1"]
[WhiteElo "2298"]
[BlackElo "2479"]
[PlyCount "114"]
[EventDate "2021.??.??"]
[EventType "blitz"]
[TimeControl "180"]

1. Nc3 Nf6 2. e4 e5 3. Nf3 Nc6 4. Nxe5 Nxe5 5. d4 Nc6 6. e5 Ng8 7. Bc4 Bb4 8.
O-O Bxc3 9. bxc3 d5 10. Bd3 Nge7 11. f4 g6 12. a4 h5 13. a5 Bf5 14. Qf3 Qd7 15.
Ba3 O-O 16. a6 b6 17. Bb5 Qe6 18. h3 Rfd8 19. Bd3 Kg7 20. Kh2 Bxd3 21. cxd3 h4
22. Qg4 Nf5 23. Rae1 Na5 24. Bc1 Rac8 25. Qg5 c5 26. dxc5 bxc5 27. Ba3 Rc7 28.
Rb1 Rdc8 29. Rfe1 c4 30. d4 Nb3 31. Bd6 Rc6 32. Rb2 Rxa6 33. Rbe2 Rb6 34. Bb4
a5 35. Bc5 Ra6 36. Qf6+ Qxf6 37. exf6+ Kxf6 38. Ra2 a4 39. Rea1 Nxa1 40. Rxa1
Rb8 41. Bb4 Rbb6 42. Bc5 Rb5 43. Bb4 a3 44. Rxa3 Rxa3 45. Bxa3 Rb3 46. Bb4 Rxb4
47. cxb4 c3 48. b5 c2 49. b6 c1=Q 50. b7 Qb1 51. b8=R Qxb8 52. Kg1 Qb2 53. Kf1
Ne3+ 54. Ke1 Nc4 55. Kf1 Qd2 56. g4 Ne3+ 57. Kg1 Qg2# {Normal} 0-1

[Event "Titled Tuesday 18th May"]
[Site "chess.com INT"]
[Date "2021.05.18"]
[Round "5"]
[White "Navalgund, N."]
[Black "Roebers, J."]
[Result "1-0"]
[WhiteElo "2289"]
[BlackElo "2170"]
[PlyCount "71"]
[EventDate "2021.05.18"]

1. e4 e5 2. Nf3 Nc6 3. Nc3 Nf6 4. Nxe5 Nxe5 5. d4 Ng6 6. e5 Ng8 7. Bc4 Bb4 8.
Qf3 Qe7 9. O-O Bxc3 10. bxc3 Nh6 11. Bxh6 gxh6 12. Qg3 O-O 13. f4 Qh4 14. Qe3
d5 15. Bxd5 Ne7 16. Be4 Nf5 17. Qd3 Qg4 18. h3 Qh5 19. g4 Qh4 20. Bxf5 Bxf5 21.
gxf5 Kh8 22. Kh2 Rg8 23. Rf3 Rg7 24. Rg1 Rag8 25. Rxg7 Rxg7 26. f6 Rg8 27. Qe3
Qh5 28. d5 Qg6 29. Qf2 Qe4 30. Rg3 Rxg3 31. Qxg3 Qe2+ 32. Qg2 Qxg2+ 33. Kxg2
Kg8 34. d6 cxd6 35. exd6 Kf8 36. d7 1-0

[Event "Titled Tuesday 18th May"]
[Site "chess.com INT"]
[Date "2021.05.18"]
[Round "2"]
[White "Navalgund, N."]
[Black "Bures, Vi"]
[Result "1-0"]
[WhiteElo "2289"]
[BlackElo "2119"]
[PlyCount "53"]
[EventDate "2021.05.18"]

1. e4 e5 2. Nf3 Nc6 3. Nc3 Nf6 4. Nxe5 Nxe5 5. d4 Ng6 6. e5 Ng8 7. Bc4 d5 8.
Bxd5 Bb4 9. Qf3 Qe7 10. O-O c6 11. Bxc6+ bxc6 12. Qxc6+ Qd7 13. Qxa8 Bxc3 14.
bxc3 N8e7 15. Qf3 O-O 16. Be3 Bb7 17. Qg3 Rc8 18. Bd2 Qc6 19. f3 Nd5 20. Rab1
Ba8 21. f4 Nb6 22. f5 Nh4 23. Rf2 Nc4 24. Qxh4 Nxd2 25. Rxd2 Qxc3 26. Rbd1 Qe3+
27. Qf2 1-0

[Event "Rated Blitz game"]
[Site "?"]
[Date "2021.05.18"]
[Round "?"]
[White "khalid_ontawar"]
[Black "Jakob19"]
[Result "1-0"]
[WhiteElo "2440"]
[BlackElo "2563"]
[PlyCount "71"]
[EventDate "2021.??.??"]
[EventType "blitz"]
[TimeControl "180"]

1. e4 e5 2. Nf3 Nf6 3. Nc3 Nc6 4. Nxe5 Nxe5 5. d4 Ng6 6. e5 Ng8 7. Bc4 d5 8.
Bxd5 N8e7 9. Bb3 c6 10. O-O Nd5 11. f4 Nxc3 12. bxc3 Bf5 13. g4 Bd7 14. f5 Ne7
15. Bg5 h6 16. Bh4 Qa5 17. Qf3 O-O-O 18. Bxf7 Kb8 19. Bg3 Ka8 20. Rab1 h5 21.
e6 hxg4 22. Qd3 Bc8 23. c4 Rh3 24. c3 Qa6 25. Rfd1 b6 26. Rb4 Bb7 27. Rdb1 Nc8
28. R4b2 c5 29. d5 Rxd5 30. Qe2 Ne7 31. cxd5 Qxe2 32. Rxe2 Nxd5 33. Rd1 c4 34.
Rxd5 Bxd5 35. e7 Bxe7 36. Bxd5# {Normal} 1-0

[Event "Rated Blitz game"]
[Site "?"]
[Date "2021.05.18"]
[Round "?"]
[White "Pbring81"]
[Black "oj_ossa"]
[Result "0-1"]
[WhiteElo "2296"]
[BlackElo "2446"]
[PlyCount "60"]
[EventDate "2021.??.??"]
[EventType "blitz"]
[TimeControl "180"]

1. e4 e5 2. Nc3 Nc6 3. Nf3 Nf6 4. Nxe5 Nxe5 5. d4 Ng6 6. e5 Ng8 7. f4 d5 8. Bd3
Bb4 9. f5 N6e7 10. O-O c5 11. Bb5+ Bd7 12. f6 gxf6 13. exf6 Ng6 14. Re1+ Kf8
15. Qh5 Nxf6 16. Qh6+ Kg8 17. Bxd7 Qxd7 18. Bg5 Ng4 19. Qh5 cxd4 20. Nxd5 Qxd5
21. Qxg4 Bxe1 22. Rxe1 h5 23. Qg3 Kh7 24. Bf6 Rhe8 25. Rf1 Re3 26. Qf2 Rae8 27.
Kh1 Re2 28. Qg3 h4 29. Qg4 R8e4 30. Qc8 Rxg2 {Normal} 0-1

[Event "Rated Blitz game"]
[Site "?"]
[Date "2021.05.18"]
[Round "?"]
[White "khalid_ontawar"]
[Black "Rimbombante"]
[Result "0-1"]
[WhiteElo "2423"]
[BlackElo "2410"]
[PlyCount "102"]
[EventDate "2021.??.??"]
[EventType "blitz"]
[TimeControl "180"]

1. e4 e5 2. Nf3 Nc6 3. Nc3 Nf6 4. Nxe5 Nxe5 5. d4 Ng6 6. e5 Ng8 7. Bc4 Bb4 8.
Qf3 d5 9. exd6 Nf6 10. dxc7 Qxc7 11. Bb5+ Bd7 12. O-O Bxc3 13. Bxd7+ Qxd7 14.
Qe3+ Qe6 15. Qxc3 O-O 16. Re1 Rac8 17. Rxe6 Rxc3 18. Rxf6 Rxc2 19. Rd6 Re8 20.
Be3 Rxb2 21. g3 h5 22. h4 Ne7 23. Rd7 Nf5 24. Bf4 Ree2 25. Rf1 Rxa2 26. Rxb7
Nxd4 27. Rd7 Nf3+ 28. Kg2 Ne1+ 29. Kg1 a5 30. Rd8+ Kh7 31. Rd7 Kg6 32. Rd5 f6
33. Rb5 a4 34. Be3 a3 35. Ra5 Nc2 36. Bc5 Re5 37. Rc1 Nd4 38. Rc4 Nf3+ 39. Kg2
Nd2 40. Rca4 Ne4 41. Be3 Nxg3 42. Kxg3 Rxa5 43. Rxa5 Ra1 44. Kg2 a2 45. Bd4 Rd1
46. Rxa2 Rxd4 47. Kg3 Rg4+ 48. Kh3 Rf4 49. Re2 Rf5 50. Kg3 Re5 51. Re4 Rxe4 {
Time forfeit} 0-1

[Event "Rated Blitz game"]
[Site "?"]
[Date "2021.05.18"]
[Round "?"]
[White "PusheenMeow"]
[Black "LaraJ"]
[Result "1-0"]
[WhiteElo "2431"]
[BlackElo "2327"]
[PlyCount "95"]
[EventDate "2021.??.??"]
[EventType "blitz"]
[TimeControl "180"]

1. e4 e5 2. Nf3 Nc6 3. Nc3 Nf6 4. Nxe5 Nxe5 5. d4 Ng6 6. e5 Ng8 7. Bc4 d5 8.
Bxd5 Be6 9. Bb3 c6 10. O-O N8e7 11. f4 Nf5 12. Ne2 h5 13. c3 Be7 14. Bc2 Qd7
15. a4 a5 16. h3 h4 17. Kh2 Ng3 18. Rf3 Bd5 19. Nxg3 Bxf3 20. Qxf3 hxg3+ 21.
Qxg3 Bh4 22. Qf3 O-O-O 23. f5 Nf8 24. Be3 Kb8 25. b4 axb4 26. cxb4 g6 27. a5
gxf5 28. Bxf5 Ne6 29. a6 Nxd4 30. a7+ Ka8 31. Bxd7 Nxf3+ 32. gxf3 Rxd7 33. f4
Rd3 34. Bc5 Rd2+ 35. Kg1 Rg8+ 36. Kf1 Rgg2 37. b5 Rh2 38. Kg1 Rdg2+ 39. Kf1 Ra2
40. Rxa2 Rxa2 41. bxc6 bxc6 42. f5 Ra5 43. Bd6 Kxa7 44. e6 fxe6 45. fxe6 Rf5+
46. Ke2 Bf6 47. e7 Bxe7 48. Bc5+ {Time forfeit} 1-0

[Event "Rated Blitz game"]
[Site "?"]
[Date "2021.05.18"]
[Round "?"]
[White "khalid_ontawar"]
[Black "DanielPerchman"]
[Result "1-0"]
[WhiteElo "2438"]
[BlackElo "2448"]
[PlyCount "71"]
[EventDate "2021.??.??"]
[EventType "blitz"]
[TimeControl "180"]

1. e4 e5 2. Nc3 Nc6 3. Nf3 Nf6 4. Nxe5 Nxe5 5. d4 Ng6 6. e5 Ng8 7. Bc4 d6 8.
Qf3 Qe7 9. O-O c6 10. exd6 Qf6 11. Qe2+ Kd8 12. Re1 Bd7 13. Ne4 Qf5 14. Bd3 Qd5
15. c4 Qxd4 16. Be3 Qe5 17. f4 Qa5 18. b4 Qa3 19. Red1 Nh6 20. Rab1 Bg4 21. Qd2
Bxd1 22. Rxd1 Nf5 23. Nc5 Nxe3 24. Qxe3 b6 25. Nb7+ Kc8 26. Qe8+ Kxb7 27. Qd7+
Ka6 28. c5+ Qxd3 29. Rxd3 Nxf4 30. Rf3 Ne2+ 31. Kf2 Nd4 32. Rd3 Kb5 33. Rxd4 a5
34. a4+ Kxa4 35. Qxc6+ b5 36. bxa5+ {Normal} 1-0

[Event "Rated Blitz game"]
[Site "?"]
[Date "2021.05.18"]
[Round "?"]
[White "forbiddencheapos"]
[Black "Arminioo"]
[Result "1-0"]
[WhiteElo "2420"]
[BlackElo "2241"]
[PlyCount "57"]
[EventDate "2021.??.??"]
[EventType "blitz"]
[TimeControl "300"]

1. e4 Nf6 2. Nc3 e5 3. Nf3 Nc6 4. Nxe5 Nxe5 5. d4 Ng6 6. e5 Ng8 7. Bc4 d5 8.
Bxd5 Be6 9. Bxb7 Rb8 10. Bc6+ Bd7 11. Bd5 N8e7 12. Bb3 c6 13. Ne4 Nd5 14. O-O
Be7 15. f4 Bf5 16. Ng3 Qd7 17. c4 Nb6 18. d5 cxd5 19. cxd5 Bc5+ 20. Kh1 O-O 21.
Qe2 Ne7 22. d6 Nc6 23. Nxf5 Qxf5 24. Qb5 Bxd6 25. Qxc6 Bxe5 26. g4 Qd3 27. Rd1
Qe2 28. fxe5 Rbd8 29. Bf4 {Normal} 1-0

[Event "Rated Blitz game"]
[Site "?"]
[Date "2021.05.18"]
[Round "?"]
[White "khalid_ontawar"]
[Black "artyom_chess07"]
[Result "0-1"]
[WhiteElo "2454"]
[BlackElo "2434"]
[PlyCount "104"]
[EventDate "2021.??.??"]
[EventType "blitz"]
[TimeControl "180"]

1. e4 e5 2. Nf3 Nc6 3. Nc3 Nf6 4. Nxe5 Nxe5 5. d4 Ng6 6. e5 Ng8 7. Bc4 Bb4 8.
Qf3 Qe7 9. O-O Bxc3 10. bxc3 Nh6 11. a4 O-O 12. Re1 d6 13. Ba3 Bg4 14. Qxb7 Qg5
15. exd6 Nh4 16. Bc1 Qg6 17. Bd3 N6f5 18. g3 Nf3+ 19. Kf1 Nxh2+ 20. Kg2 Bf3+
21. Qxf3 Nxf3 22. Kxf3 Qf6 23. Kg2 Nxd6 24. Ba3 Rae8 25. Rh1 h6 26. Rh4 Re7 27.
Rah1 Rfe8 28. c4 Re1 29. Rf4 Qe6 30. d5 Qe5 31. Rhh4 Ra1 32. Bc5 Qe1 33. Bd4
Rxa4 34. Rfg4 Re5 35. Rh1 Qxh1+ 36. Kxh1 Re1+ 37. Kg2 Ne8 38. c5 Rb1 39. d6
cxd6 40. cxd6 Rb7 41. d7 Rxd7 42. c3 Ra5 43. Be2 Rad5 44. Bf3 R5d6 45. Be2 Rc7
46. Bf3 Rd8 47. Be2 Rdc8 48. Bf3 Rxc3 49. Bxc3 Rxc3 50. Re4 Rc8 51. Bg4 Nf6 52.
Rf4 Rc5 {Time forfeit} 0-1

[Event "Rated Blitz game"]
[Site "?"]
[Date "2021.05.18"]
[Round "?"]
[White "khalid_ontawar"]
[Black "HappyCamperX"]
[Result "1/2-1/2"]
[WhiteElo "2447"]
[BlackElo "2395"]
[PlyCount "122"]
[EventDate "2021.??.??"]
[EventType "blitz"]
[TimeControl "180"]

1. e4 e5 2. Nf3 Nc6 3. Nc3 Nf6 4. Nxe5 Nxe5 5. d4 Bb4 6. dxe5 Nxe4 7. Qd4 Bxc3+
8. bxc3 Ng5 9. Bxg5 Qxg5 10. f4 Qg6 11. g3 Qc6 12. Rg1 Qb6 13. Bc4 Qxd4 14.
cxd4 b6 15. Bd5 c6 16. Be4 Ba6 17. Kd2 O-O-O 18. a4 Kc7 19. a5 b5 20. c3 d6 21.
Ke3 Rhe8 22. Rgf1 f6 23. Bxh7 dxe5 24. fxe5 fxe5 25. Rf7+ Rd7 26. Rxd7+ Kxd7
27. Rf1 exd4+ 28. Kxd4 Re7 29. Bg6 Bc8 30. Rf7 Rxf7 31. Bxf7 Kd6 32. h4 Bf5 33.
Bh5 c5+ 34. Ke3 Ke5 35. Be2 b4 36. cxb4 cxb4 37. Kd2 Kd4 38. Bd1 Be4 39. g4 Kc4
40. g5 b3 41. Kc1 Kc3 42. Bxb3 Kxb3 43. h5 Ka4 44. a6 Ka5 45. Kb2 Kxa6 46. h6
gxh6 47. gxh6 Kb5 48. h7 Bxh7 49. Ka1 a5 50. Ka2 a4 51. Ka1 Kb4 52. Ka2 Bg8+
53. Ka1 a3 54. Kb1 Bd5 55. Ka1 Bb3 56. Kb1 Ka4 57. Ka1 Kb4 58. Kb1 Kc3 59. Ka1
Kd2 60. Kb1 Be6 61. Ka1 Kc1 {Normal} 1/2-1/2

[Event "Rated Blitz game"]
[Site "?"]
[Date "2021.05.18"]
[Round "?"]
[White "khalid_ontawar"]
[Black "Setti_CNP"]
[Result "0-1"]
[WhiteElo "2401"]
[BlackElo "2362"]
[PlyCount "36"]
[EventDate "2021.??.??"]
[EventType "blitz"]
[TimeControl "180"]

1. e4 e5 2. Nc3 Nc6 3. Nf3 Nf6 4. Nxe5 Nxe5 5. d4 Ng6 6. e5 Ng8 7. f4 N8e7 8.
Bd3 d5 9. Ne2 Bf5 10. c3 Qd7 11. Qc2 O-O-O 12. Be3 Bxd3 13. Qxd3 Nf5 14. Ng3
Nxe3 15. Qxe3 f6 16. f5 Nh4 17. e6 Re8 18. Qf4 Nxg2+ {Normal} 0-1

[Event "Rated Blitz game"]
[Site "?"]
[Date "2021.05.18"]
[Round "?"]
[White "khalid_ontawar"]
[Black "akentokan"]
[Result "1-0"]
[WhiteElo "2442"]
[BlackElo "2480"]
[PlyCount "49"]
[EventDate "2021.??.??"]
[EventType "blitz"]
[TimeControl "180"]

1. e4 e5 2. Nc3 Nc6 3. Nf3 Nf6 4. Nxe5 Nxe5 5. d4 Ng6 6. e5 Ng8 7. Bc4 d6 8.
Qf3 Be6 9. Qxb7 dxe5 10. Nb5 Bd6 11. dxe5 Nxe5 12. Bxe6 fxe6 13. Nxd6+ cxd6 14.
Qxg7 Qf6 15. Qb7 Rd8 16. O-O Rd7 17. Qb5 Ne7 18. Bd2 O-O 19. f4 Ng4 20. Qxd7
Qd4+ 21. Kh1 Qxd2 22. Qxe6+ Rf7 23. Qxg4+ Rg7 24. Qf3 Nf5 25. Rae1 {Normal} 1-0

[Event "Rated Rapid game"]
[Site "?"]
[Date "2021.05.18"]
[Round "?"]
[White "pombooo"]
[Black "Sahabat_mf"]
[Result "0-1"]
[WhiteElo "2352"]
[BlackElo "2432"]
[PlyCount "164"]
[EventDate "2021.??.??"]
[EventType "rapid"]
[TimeControl "600"]

1. e4 e5 2. Nf3 Nc6 3. Nc3 Nf6 4. Nxe5 Nxe5 5. d4 Nc6 6. e5 Ng8 7. Bc4 d6 8.
Qf3 Qd7 9. Qe4 dxe5 10. d5 Nd4 11. O-O Bd6 12. Be3 Nf6 13. Qd3 Qg4 14. h3 Qg6
15. Bxd4 Qxd3 16. Bxd3 exd4 17. Rfe1+ Kd8 18. Nb5 Nxd5 19. Nxd6 cxd6 20. Rad1
Re8 21. Bxh7 Rxe1+ 22. Rxe1 g6 23. Bg8 Be6 24. Rd1 Nf6 25. Bxf7 Bxf7 26. Rxd4
d5 27. c4 Ke7 28. cxd5 Nxd5 29. g3 Rc8 30. Rd2 Nb4 31. a3 Rc2 32. Rd4 Nc6 33.
Re4+ Be6 34. b4 Rc3 35. b5 Nd8 36. Ra4 Rb3 37. Rxa7 Bd5 38. g4 Rxb5 39. Kh2 Rb2
40. Kg3 g5 41. Ra5 Rb3+ 42. Kh2 Kd6 43. Ra8 Kc7 44. Ra5 Rd3 45. a4 Nc6 46. Rc5
Kb6 47. Rc1 Rd4 48. Rb1+ Rb4 49. Rd1 Be4 50. Rd6 Rxa4 51. Rd7 Ra1 52. Rg7 Rh1+
53. Kg3 Rg1+ 54. Kh2 Rg2+ 55. Kh1 Rxg4+ 56. Kh2 Rg2+ 57. Kh1 Rxf2+ 58. Kg1 Rf5
59. Kh2 Ne5 60. Kg3 Rf3+ 61. Kh2 Rf7 62. Rg8 Ka7 63. Kg3 Rf6 64. Re8 Rf3+ 65.
Kh2 Rf2+ 66. Kg1 Rg2+ 67. Kf1 Bc6 68. Rxe5 g4 69. h4 g3 70. Rg5 Rh2 71. Rxg3
Rxh4 72. Ke2 b5 73. Kd3 Rc4 74. Rg7+ Kb6 75. Kd2 b4 76. Kd3 Rc3+ 77. Kd2 Rc5
78. Rg3 Kb5 79. Rg8 b3 80. Kd3 Kb4 81. Rb8+ Bb5+ 82. Kd2 b2 {Normal} 0-1

[Event "Rated Blitz game"]
[Site "?"]
[Date "2021.05.18"]
[Round "?"]
[White "modernpetrosian"]
[Black "zim36"]
[Result "0-1"]
[WhiteElo "2384"]
[BlackElo "2518"]
[PlyCount "32"]
[EventDate "2021.??.??"]
[EventType "blitz"]
[TimeControl "180"]

1. e4 e5 2. Nf3 Nc6 3. Nc3 Nf6 4. Nxe5 Nxe5 5. d4 Ng6 6. e5 Ng8 7. Bc4 f6 8. f4
d5 9. Bxd5 Bb4 10. f5 Qxd5 11. fxg6 Qxg2 12. Rf1 hxg6 13. Bf4 Rh3 14. Bg3 Rxg3
15. hxg3 Qxg3+ 16. Ke2 Bg4+ {Normal} 0-1

[Event "Rated Blitz game"]
[Site "?"]
[Date "2021.05.17"]
[Round "?"]
[White "khalid_ontawar"]
[Black "Wernerov"]
[Result "1-0"]
[WhiteElo "2417"]
[BlackElo "2337"]
[PlyCount "45"]
[EventDate "2021.??.??"]
[EventType "blitz"]
[TimeControl "180"]

1. e4 e5 2. Nc3 Nf6 3. Nf3 Nc6 4. Nxe5 Nxe5 5. d4 Nc6 6. d5 Ne5 7. f4 Ng6 8. e5
Ng8 9. d6 cxd6 10. exd6 Qb6 11. Nb5 a6 12. Nc7+ Kd8 13. Nxa8 Qxd6 14. Qf3 Nf6
15. Bd2 Qc6 16. Ba5+ Ke8 17. Nc7+ Ke7 18. Qe3+ Kd6 19. O-O-O+ Nd5 20. Rxd5+
Qxd5 21. Nxd5 Kxd5 22. Qb6 Bc5 23. c4+ {Normal} 1-0

[Event "Rated Blitz game"]
[Site "?"]
[Date "2021.05.17"]
[Round "?"]
[White "jole99"]
[Black "Krishnamurti33"]
[Result "0-1"]
[WhiteElo "2254"]
[BlackElo "2425"]
[PlyCount "76"]
[EventDate "2021.??.??"]
[EventType "blitz"]
[TimeControl "180"]

1. e4 e5 2. Nf3 Nc6 3. Nc3 Nf6 4. Nxe5 Nxe5 5. d4 Nc6 6. d5 Ne5 7. f4 Bd6 8.
fxe5 Bxe5 9. Bd3 O-O 10. O-O d6 11. Bg5 h6 12. Bh4 Bd7 13. Qf3 Qe8 14. Rae1 c5
15. Ne2 b5 16. Nf4 Bxb2 17. Nh5 Nxh5 18. Qxh5 Be5 19. g4 f6 20. Qxe8 Rfxe8 21.
Rb1 Rab8 22. h3 a5 23. Kg2 b4 24. Bf2 Bb5 25. Be1 Bxd3 26. cxd3 Kf7 27. Bd2 Ke7
28. Bc1 Kd7 29. Kf3 Rb5 30. Ke2 a4 31. Kd1 b3 32. a3 Rc8 33. Bb2 Bxb2 34. Rxb2
c4 35. dxc4 Rxc4 36. Re1 Rbc5 37. Kd2 Rc3 38. Rh1 Rg3 {Normal} 0-1

[Event "Rated Blitz game"]
[Site "?"]
[Date "2021.05.17"]
[Round "?"]
[White "Din-don-dan"]
[Black "lau_ocs"]
[Result "1-0"]
[WhiteElo "2347"]
[BlackElo "2466"]
[PlyCount "49"]
[EventDate "2021.??.??"]
[EventType "blitz"]
[TimeControl "180"]

1. e4 e5 2. Nf3 Nc6 3. Nc3 Nf6 4. Nxe5 Nxe5 5. d4 Nc6 6. d5 Nb8 7. e5 Ng8 8.
Bd3 d6 9. f4 c6 10. e6 Nf6 11. exf7+ Kxf7 12. O-O Bg4 13. Be2 Qb6+ 14. Kh1 Bf5
15. g4 Bc8 16. g5 Nxd5 17. Nxd5 cxd5 18. Bf3 Be7 19. Bxd5+ Kf8 20. f5 h5 21. f6
gxf6 22. gxf6 Bd8 23. Bf4 Bg4 24. Qd3 Bxf6 25. Qg6 {Normal} 1-0

[Event "Rated Blitz game"]
[Site "?"]
[Date "2021.05.16"]
[Round "?"]
[White "kahvitauko"]
[Black "Luisy2005"]
[Result "1-0"]
[WhiteElo "2402"]
[BlackElo "2425"]
[PlyCount "59"]
[EventDate "2021.??.??"]
[EventType "blitz"]
[TimeControl "180"]

1. e4 Nf6 2. Nc3 e5 3. Nf3 Nc6 4. Nxe5 Nxe5 5. d4 Nc6 6. d5 Bb4 7. dxc6 Nxe4 8.
Qd4 Bxc3+ 9. bxc3 O-O 10. Bd3 Nf6 11. cxb7 Bxb7 12. O-O h6 13. Rb1 Bc6 14. Re1
Re8 15. Rxe8+ Qxe8 16. Bxh6 Qe6 17. Bg5 Re8 18. Qh4 Ne4 19. Re1 Qd5 20. f3 Qc5+
21. Kf1 f6 22. Be3 Qxc3 23. fxe4 Re5 24. Qf2 Re7 25. Bd4 Qa3 26. Bc4+ Kf8 27.
Bc5 Qc3 28. Bxe7+ Kxe7 29. Bd3 Qb2 30. a4 {Normal} 1-0

[Event "Rated Blitz game"]
[Site "?"]
[Date "2021.05.16"]
[Round "?"]
[White "brunosten"]
[Black "IWillFightUntilIWin"]
[Result "0-1"]
[WhiteElo "2473"]
[BlackElo "2402"]
[PlyCount "54"]
[EventDate "2021.??.??"]
[EventType "blitz"]
[TimeControl "180"]

1. e4 e5 2. Nf3 Nc6 3. Nc3 Nf6 4. Nxe5 Nxe5 5. d4 Ng6 6. e5 Be7 7. exf6 Bxf6 8.
Nd5 O-O 9. Be2 c6 10. Nxf6+ Qxf6 11. O-O d5 12. c3 Bf5 13. Be3 Rfe8 14. Qd2 h6
15. Rfe1 Re7 16. a4 Rae8 17. a5 a6 18. g3 Be4 19. Ra4 Nh4 20. gxh4 Qg6+ 21. Bg5
hxg5 22. hxg5 Bf3 23. Bxf3 Rxe1+ 24. Kg2 Qb1 25. h4 Rg1+ 26. Kh2 Qf1 27. Rb4
Re4 {Normal} 0-1

[Event "Rated Blitz tournament 6IIsNpe6"]
[Site "?"]
[Date "2021.05.16"]
[Round "?"]
[White "Miqo2143"]
[Black "MeneerMandje"]
[Result "1-0"]
[WhiteElo "2391"]
[BlackElo "2602"]
[PlyCount "41"]
[EventDate "2021.??.??"]
[EventType "blitz"]
[TimeControl "300"]

1. e4 e5 2. Nf3 Nc6 3. Nc3 Nf6 4. Nxe5 Nxe5 5. d4 Bd6 6. dxe5 Bxe5 7. Bd3 O-O
8. O-O d6 9. h3 Re8 10. Re1 h6 11. Bd2 c6 12. Rb1 Be6 13. a3 Qe7 14. Ne2 d5 15.
exd5 Nxd5 16. Nc3 Nxc3 17. bxc3 Bd6 18. Qf3 Bxa3 19. Qe4 g6 20. Bxh6 Bd6 21.
Qd4 {Normal} 1-0

[Event "Rated Blitz game"]
[Site "?"]
[Date "2021.05.16"]
[Round "?"]
[White "brunosten"]
[Black "Laknu"]
[Result "1-0"]
[WhiteElo "2483"]
[BlackElo "2392"]
[PlyCount "117"]
[EventDate "2021.??.??"]
[EventType "blitz"]
[TimeControl "180"]

1. e4 e5 2. Nf3 Nf6 3. Nc3 Nc6 4. Nxe5 Nxe5 5. d4 Bb4 6. dxe5 Nxe4 7. Qd4 Bxc3+
8. bxc3 d5 9. exd6 Nxd6 10. Qxg7 Qe7+ 11. Kd1 Qf8 12. Qe5+ Be6 13. Bg5 Rg8 14.
Bd3 h6 15. Bf4 Rxg2 16. Bg3 O-O-O 17. Kc1 Qe7 18. Re1 Qg5+ 19. Qxg5 hxg5 20.
Kb2 Bd5 21. Bf1 f5 22. Bxg2 Bxg2 23. f4 g4 24. Re7 Be4 25. Re1 Nc4+ 26. Kc1 b5
27. a4 bxa4 28. R7xe4 fxe4 29. Rxe4 Nb6 30. c4 Nd7 31. f5 Nc5 32. Re7 Rd7 33.
f6 Rxe7 34. fxe7 Kd7 35. Bxc7 Kxe7 36. Kb2 Ke6 37. Ka3 Kf5 38. Bd6 Ne4 39. Bb8
Nd2 40. Bxa7 Nxc4+ 41. Kxa4 Nd2 42. Bb8 Ke4 43. Kb5 Kd4 44. Bf4 Kc3 45. Bxd2+
Kxd2 46. c4 Ke3 47. c5 Kf3 48. c6 Kg2 49. c7 Kxh2 50. c8=Q g3 51. Qh8+ Kg1 52.
Kc4 g2 53. Kd3 Kf2 54. Qf6+ Ke1 55. Qg5 Kf2 56. Qf4+ Ke1 57. Qg3+ Kf1 58. Qf3+
Ke1 59. Qe2# {Normal} 1-0

[Event "Rated Blitz game"]
[Site "?"]
[Date "2021.05.16"]
[Round "?"]
[White "Din-don-dan"]
[Black "Tim1991"]
[Result "0-1"]
[WhiteElo "2377"]
[BlackElo "2454"]
[PlyCount "78"]
[EventDate "2021.??.??"]
[EventType "blitz"]
[TimeControl "180"]

1. e4 e5 2. Nf3 Nc6 3. Nc3 Nf6 4. Nxe5 Nxe5 5. d4 Ng6 6. e5 Ng8 7. Bc4 Bb4 8.
O-O Bxc3 9. bxc3 d5 10. exd6 Qxd6 11. Re1+ N8e7 12. a4 O-O 13. Ba3 Qd8 14. Qe2
Be6 15. Bxe6 fxe6 16. Qxe6+ Rf7 17. Rab1 b6 18. Rb5 c6 19. Rg5 Qc8 20. Qb3 Nd5
21. c4 Nf6 22. h4 Nxh4 23. Qg3 Ng6 24. f4 Qd7 25. f5 Ne7 26. c3 Re8 27. Re6 Nc8
28. d5 cxd5 29. cxd5 Nxd5 30. Rxe8+ Qxe8 31. c4 Nf6 32. Bb2 Qe7 33. Bxf6 Qxf6
34. Kh2 Nd6 35. Rg4 Nxf5 36. Qb8+ Rf8 37. Qf4 Nh6 38. Rxg7+ Kxg7 39. Qh4 Qxh4+
{Time forfeit} 0-1

[Event "Rated Blitz game"]
[Site "?"]
[Date "2021.05.16"]
[Round "?"]
[White "kahvitauko"]
[Black "Luisy2005"]
[Result "0-1"]
[WhiteElo "2413"]
[BlackElo "2413"]
[PlyCount "110"]
[EventDate "2021.??.??"]
[EventType "blitz"]
[TimeControl "180"]

1. e4 Nf6 2. Nc3 e5 3. Nf3 Nc6 4. Nxe5 Nxe5 5. d4 Nc6 6. d5 Ne7 7. e5 Nfg8 8.
d6 cxd6 9. exd6 Nf5 10. Nb5 Nxd6 11. Qe2+ Qe7 12. Nxd6+ Kd8 13. Bf4 Nf6 14.
O-O-O Qxe2 15. Bxe2 Bxd6 16. Rxd6 Ne4 17. Rd4 Nc5 18. Rhd1 Ne6 19. Re4 b6 20.
Bg3 Bb7 21. Re3 Bxg2 22. Bg4 Ke7 23. Bd6+ Kf6 24. f4 h5 25. Be2 Bc6 26. Rg1 Rh6
27. f5 Kxf5 28. Bd3+ Kf6 29. h4 g6 30. Bc4 Kg7 31. Bxe6 dxe6 32. Rc3 Rc8 33.
Bf4 Rhh8 34. Be5+ f6 35. Bd4 e5 36. Be3 Be4 37. Bd2 Rxc3 38. Bxc3 Rd8 39. Re1
Bf5 40. b3 Kf7 41. Kb2 Rc8 42. a4 a6 43. Re3 b5 44. axb5 axb5 45. b4 Rc4 46.
Re2 Rxh4 47. Rd2 Rc4 48. Rd6 h4 49. Rb6 h3 50. Rxb5 h2 51. Bxe5 h1=Q 52. Bc3
Qd1 53. Rb7+ Ke8 54. Rb6 Qxc2+ 55. Ka3 Rxc3# {Normal} 0-1

[Event "Rated Blitz game"]
[Site "?"]
[Date "2021.05.16"]
[Round "?"]
[White "Inquisiitor"]
[Black "Antropterix"]
[Result "0-1"]
[WhiteElo "2305"]
[BlackElo "2429"]
[PlyCount "48"]
[EventDate "2021.??.??"]
[EventType "blitz"]
[TimeControl "180"]

1. e4 e5 2. Nf3 Nc6 3. Nc3 Nf6 4. Nxe5 Nxe5 5. d4 Nc6 6. d5 Bb4 7. f4 O-O 8.
dxc6 Nxe4 9. Qf3 Re8 10. Be2 d5 11. O-O Nxc3 12. bxc3 Bc5+ 13. Kh1 bxc6 14. Bd3
Qf6 15. Bb2 Rb8 16. Rab1 Bf5 17. h3 Be4 18. Qg4 Bd6 19. f5 Qe5 20. Kg1 Qh2+ 21.
Kf2 Bc5+ 22. Ke2 Bxf5+ 23. Kd2 Be3+ 24. Kd1 Bxg4+ {Normal} 0-1

[Event "Rated Blitz game"]
[Site "?"]
[Date "2021.05.16"]
[Round "?"]
[White "kahvitauko"]
[Black "Luisy2005"]
[Result "1-0"]
[WhiteElo "2407"]
[BlackElo "2419"]
[PlyCount "93"]
[EventDate "2021.??.??"]
[EventType "blitz"]
[TimeControl "180"]

1. e4 Nf6 2. Nc3 e5 3. Nf3 Nc6 4. Nxe5 Nxe5 5. d4 Nc6 6. d5 Ne5 7. f4 Ng6 8. e5
Ng8 9. d6 c6 10. Bc4 Nxe5 11. Qe2 Bxd6 12. O-O Bc5+ 13. Kh1 d5 14. Qxe5+ Ne7
15. Ne4 f6 16. Nxf6+ gxf6 17. Qh5+ Kd7 18. Bd3 Kc7 19. f5 Bd6 20. b4 Bxb4 21.
Rb1 Bd6 22. a4 b6 23. a5 Bb7 24. Be3 b5 25. Qe2 Ba6 26. c4 dxc4 27. Bc2 Nd5 28.
Bd2 Re8 29. Qf2 Qe7 30. Rfe1 Qf8 31. Re6 Bc5 32. Qg3+ Bd6 33. Qf2 Rxe6 34. fxe6
Qe7 35. Re1 Bc8 36. Be4 Be5 37. Bxd5 cxd5 38. Be3 Bxe6 39. Bxa7 Kd7 40. Bc5 Qg7
41. Bb6 d4 42. Bxd4 Bxd4 43. Qxd4+ Ke7 44. Qc5+ Kf7 45. Qc7+ Kg8 46. Qc6 Rc8
47. Qxe6+ {Normal} 1-0

[Event "Rated Blitz game"]
[Site "?"]
[Date "2021.05.15"]
[Round "?"]
[White "Horween"]
[Black "DerKoppy"]
[Result "0-1"]
[WhiteElo "2381"]
[BlackElo "2467"]
[PlyCount "36"]
[EventDate "2021.??.??"]
[EventType "blitz"]
[TimeControl "180"]

1. e4 e5 2. Nf3 Nc6 3. Nc3 Nf6 4. Nxe5 Nxe5 5. d4 Nc6 6. d5 Bb4 7. dxc6 bxc6 8.
Bd3 d5 9. e5 Ng4 10. Bd2 Nxe5 11. Qe2 O-O 12. O-O Nxd3 13. Qxd3 Qf6 14. a3 Bd6
15. Be3 Bf5 16. Qd2 Rfe8 17. g3 Bh3 18. Rfe1 Qf3 {Normal} 0-1